000 02741nam a22003617a 4500
001 100286
003 KnowledgeUnlatched
005 20210303104710.0
006 m o d
007 cr u||||||||||
008 210129p20172017ncu o u00| u eng d
035 _a(OCoLC)957265041
037 _5BiblioBoard
245 0 0 _aHydraulic City
_bWater and the Infrastructures of Citizenship in Mumbai /
_cNikhil Anand.
020 _a9781478091110
029 1 _ahttps://library.biblioboard.com/ext/api/media/74403d26-4626-4612-9ffe-aad27e5e9941/assets/thumbnail.jpg
040 _aScCtBLL
_cScCtBLL
100 1 _aAnand, Nikhil
_eauthor.
264 1 _bDuke University Press,
300 _a1 online resource (311 p.)
506 0 _aAccess copy available to the general public.
_fUnrestricted
_2star
520 _aIn Hydraulic City Nikhil Anand explores the politics of Mumbai's water infrastructure to demonstrate how citizenship emerges through the continuous efforts to control, maintain, and manage the city's water. Through extensive ethnographic fieldwork in Mumbai's settlements, Anand found that Mumbai's water flows, not through a static collection of pipes and valves, but through a dynamic infrastructure built on the relations between residents, plumbers, politicians, engineers, and the 3,000 miles of pipe that bind them. In addition to distributing water, the public water network often reinforces social identities and the exclusion of marginalized groups, as only those actively recognized by city agencies receive legitimate water services. This form of recognition-what Anand calls "hydraulic citizenship"-is incremental, intermittent, and reversible. It provides residents an important access point through which they can make demands on the state for other public services such as sanitation and education. Tying the ways Mumbai's poorer residents are seen by the state to their historic, political, and material relations with water pipes, the book highlights the critical role infrastructures play in consolidating civic and social belonging in the city.
588 0 _aDescription based on print version record.
590 _aKU Select 2016 Front List Collection
650 7 _aSocial Science / Anthropology / Cultural & Social
_2bisacsh
650 0 _aSocial sciences
655 0 _aElectronic books.
758 _iIs found in:
_aKnowledge Unlatched
_1https://openresearchlibrary.org/module/2774bc74-146a-484f-a7ba-ab1d6a09bbfb
856 4 0 _uhttps://openresearchlibrary.org/content/74403d26-4626-4612-9ffe-aad27e5e9941
_zView this content on Open Research Library.
_70
999 _c32331
_d32331